| 000 | 00682cam a2200181 i 4500 | ||
|---|---|---|---|
| 005 | 20260129100928.0 | ||
| 008 | 250721s2004 jo gr 000 0 ara d | ||
| 082 | 1 | 4 |
_a370.15 _bع ت و |
| 100 | 1 |
_aالعتوم، عدنان يوسف _eمؤلف. |
|
| 245 | 1 | 0 |
_aعلم النفس المعرفي : _bالنظرية والتطبيق / _cالأستاذ الدكتور عدنان يوسف العتوم. |
| 264 | 3 | 1 |
_aعمان : _bدار المسيرة للنشر والتوزيع، _c2004. |
| 300 | _a320 صفحة. | ||
| 650 | 1 | 7 | _aعلم النفس المعرفي. |
| 650 | 1 | 7 | _aالتعلم. |
| 650 | 1 | 7 | _aالتربيه. |
| 942 |
_2ddc _cBK |
||
| 999 |
_c88349 _d88349 |
||